000 00527nam a2200181Ia 4500
005 20250508151108.0
008 008 250505s9999 xx 000 0 eng d
037 _aTextual
040 _aFEDL
_beng
_cFEDL
041 _aeng
_2eng
084 _a530.76, CAR
_qFEDL
100 _aCarter Ernest F
_9758411
245 0 _aPhysics for everyone: 1001 Physics questions and answers
260 _aLondon, UK
_bBurke Publishing Co. Ltd
300 _a223p.
942 _cTEXL
_h530.76, CAR
999 _c1327560
_d1327560